| 000 | 00458nam a2200133Ia 4500 | ||
|---|---|---|---|
| 008 | 250506s9999 xx 000 0 und d | ||
| 024 | _a09B-009-BS, 09B-004-BS & 09B-23-BS | ||
| 082 | _a004.072 TAH | ||
| 100 | _aTaha Abid Ibrahim, Usama Kamal & Shumaila Zahid | ||
| 245 | 0 | _aSoftware Cost Estimation Tool for Pakistan Software Houses( SCET ) | |
| 260 |
_aKarachi: _bUIT, _c2009 |
||
| 600 | _aComputer Science | ||
| 650 | _aBachelor of Computer Science (BS) | ||
| 999 |
_c28761 _d28761 |
||